[Event "EU-ch U08 30th"]
[Site "Antalya"]
[Date "2022.11.07"]
[Round "2"]
[White "Pihlajamaki, Niklas"]
[Black "Zhang, Junyi"]
[Result "1-0"]
[WhiteElo "1641"]
[BlackElo "1335"]
[PlyCount "109"]
[EventDate "2022.11.06"]
[EventType "swiss"]
[EventRounds "9"]
[EventCountry "TUR"]
[SourceTitle "CBM 211 Extra"]
[Source "ChessBase"]
[SourceDate "2023.01.31"]
[SourceVersion "1"]
[SourceVersionDate "2023.01.31"]
[SourceQuality "1"]

1. c4 b6 2. Nc3 Bb7 3. e3 Nf6 4. Nf3 e6 5. d4 Bb4 6. a3 Bxc3+ 7. bxc3 Ne4 8. Bb2 0-0 9. Bd3 f5 10. Qc2 Rf6 11. Ke2 Rg6 12. Rhg1 d6 13. h3 Ng5 14. Nxg5 Qxg5 15. g4 Nd7 16. gxf5 Bf3+ 17. Kxf3 Qh5+ 18. Rg4 Rxg4 19. hxg4 Qh3+ 20. Ke2 Qxg4+ 21. Kd2 Rf8 22. Rf1 exf5 23. Qd1 Qxd1+ 24. Kxd1 g6 25. Ke2 Kg7 26. Kf3 Kf6 27. Bc1 g5 28. Rh1 Rf7 29. e4 f4 30. Kg4 c5 31. Rh6+ Kg7 32. Kxg5 f3 33. Rxd6 Nf6 34. e5 h6+ 35. Kh4 Ng8 36. Rg6+ Kf8 37. Bxh6+ Nxh6 38. Rxh6 Ke7 39. Kg5 Rf8 40. d5 Rf7 41. Rh7 Rxh7 42. Bxh7 Ke8 43. Kf6 Kd7 44. Kf7 a6 45. e6+ Kd6 46. e7 b5 47. e8Q bxc4 48. Qe6+ Kc7 49. Qe7+ Kb6 50. d6 Kc6 51. d7 a5 52. d8Q a4 53. Qdd6+ Kb5 54. Qb7+ Ka5 55. Qxc5# 1-0